02382cam a2200337 450050000500170000004100080001704200070002510000320003270000310006424501500009526000180024550000070026352004910027052004360076152004450119769000150164269000150165769000120167269000140168469000110169869000160170969000110172569000140173669000100175069000140176069000120177469000120178678601030179885601220190199900210202320251228072548.0 afre adc10aBertrand, Valérieeauthor10aBlanquet, Brigitteeauthor00aDe l’espace ouvert à l’espace habité. Étude d’un dispositif groupal à médiation dédié à des sujets en situation d’errance c2021.  a76 aCet article témoigne d’une double réflexion de psychosociologue et de psychologue clinicienne sur la problématique d’un public dit « exclus ». Les auteures interrogent les effets d’un dispositif groupal à médiation, un atelier d’écriture au sein d’un centre d’hébergement et d’orientation, dédié à des hommes sans domicile fixe. Elles proposent un aménagement du cadre suffisant en prenant en compte le mouvement libertaire de ces sujets errants. aThis article presents the combined reflections of a psychosociologist and a clinical psychologist on the problem of a “public” said to be excluded. The authors look at the effects of a mediation group setting, namely, a writing workshop within a centre providing shelter and orientation for homeless men. They propose a sufficient variation in the setting, taking into account the libertarian movement of these errant subjects. aEste artículo testimonia la doble reflexión de psicosociólogo y psicólogo clínico sobre la problemática de un público denominado “excluido”. Las autoras examinan los efectos de un dispositivo de mediación grupal, un taller de escritura en un centro de acogida y orientación para hombres sin hogar. Proponen una reorganización del marco adecuado que tenga en cuenta el movimiento libertario de estos sujetos errantes. adispositif aécriture aErrance aexclusion agroupe amédiation aErrant aexclusion agroup amediation asetting awriting0 nRevue de psychothérapie psychanalytique de groupe | 77 | 2 | 2021-11-26 | p. 177-189 | 0297-119441uhttps://shs.cairn.info/revue-de-psychotherapie-psychanalytique-de-groupe-2021-2-page-177?lang=fr&redirect-ssocas=7080 c1594242d1594242